[Event "BEM-ch U16"]
[Site "Tamm"]
[Date "2000.01.29"]
[Round "3"]
[White "Stecker, Sascha"]
[Black "Becker, Johannes"]
[Result "0-1"]
[WhiteElo "964"]
[BlackElo "1459"]
[PlyCount "86"]
[EventDate "2000.01.22"]
[EventType "swiss"]
[EventRounds "5"]
[EventCountry "GER"]
[SourceTitle "EXT 2003"]
[Source "ChessBase"]
[SourceDate "2002.11.25"]
[SourceVersion "1"]
[SourceVersionDate "2002.11.25"]
[SourceQuality "1"]

1. e4 e6 2. d4 d5 3. e5 c5 4. Nf3 Nc6 5. Be3 b6 6. c4 cxd4 7. Bxd4 Bb4+ 8. Nc3 Nge7 9. a3 Bxc3+ 10. Bxc3 Qc7 11. cxd5 Nxd5 12. Rc1 Bb7 13. Bb5 a6 14. Ba4 b5 15. Bb3 Rd8 16. Bd4 Qb8 17. 0-0 Nde7 18. Re1 Nf5 19. Re4 Nfxd4 20. Rxd4 Nxd4 21. Nxd4 Qxe5 22. Qg4 Qxd4 23. Qxd4 Rxd4 24. Rc7 Rd7 25. Rxd7 Kxd7 26. f3 Bd5 27. Bc2 g6 28. Kf2 Rc8 29. Bd3 Bc4 30. Bxc4 Rxc4 31. Ke3 Rc2 32. Kd3 Rxb2 33. g3 a5 34. Kc3 Rb1 35. h4 b4+ 36. axb4 a4 37. Kd3 a3 38. Kc3 a2 39. f4 a1Q+ 40. Kd2 Rxb4 41. Kd3 Qa3+ 42. Ke2 Rb2+ 43. Kd1 Qa1# 0-1